| 000 | 00353nam a22001337a 4500 | ||
|---|---|---|---|
| 999 |
_c14075 _d14075 |
||
| 020 | _a9789353065966 | ||
| 082 | _a658.7 | ||
| 100 | _aSunil Chopra and Dharam Vir Karla | ||
| 245 | _aSupply Chain Management: Strategy, Planning, and Operation | ||
| 250 | _a7th Edition | ||
| 260 |
_aIndia _bPearson Education _c2018 |
||
| 300 | _a562 pages | ||
| 942 | _cBK | ||